Интеграционная механика. Комплексная методика решения взаимосвязанных нелинейных задач

Detalhes bibliográficos
Autor principal: Полищук Д. Ф. Дмитрий Феофанович
Resumo:В книге изложены основные положения интеграционной механики.. Интеграционная механика занимается сложными нелинейными задачами, где имеет место синтез задач с различной физикой явлений. Единство математики, физики, прикладной философии позволяет качественнее анализировать нелинейные эффекты, а применение аналитико-конструкторского алгоритма повышает эффективность поиска новых синтезированных решений. На основе классических нелинейных уравнений Кирхгофа-Клебша рассмотрены пространственные нелинейные колебания для тонкого винтового бруса, различные виды упругой потери устойчивости, нелинейная статика. Разработан метод реализации новых физических явлений при проектировании пружинных механизмов, работающих с инерционным соударением витков. Книга предназначена для студентов по специальностям «Динамика и прочность машин», «Прикладная математика», а также для инженеров, увлекающихся новыми методами творчества.
Idioma:russo
Publicado em: Москва, Институт компьютерных исследований, 2004
Assuntos:
Formato: Livro
KOHA link:https://koha.lib.tpu.ru/cgi-bin/koha/opac-detail.pl?biblionumber=139045

MARC

LEADER 00000nam0a2200000 4500
001 139045
005 20231031141626.0
010 |a 5939723721 
035 |a (RuTPU)RU\TPU\book\150649 
035 |a RU\TPU\book\96789 
090 |a 139045 
100 |a 20080602d2004 km y0rusy50 ca 
101 0 |a rus 
102 |a RU 
105 |a a z 001zy 
200 1 |a Интеграционная механика. Комплексная методика решения взаимосвязанных нелинейных задач  |f Д. Ф. Полищук 
210 |a Москва  |c Институт компьютерных исследований  |d 2004 
215 |a 116 с.  |c ил. 
320 |a Библиогр. в конце гл. 
330 |a В книге изложены основные положения интеграционной механики.. Интеграционная механика занимается сложными нелинейными задачами, где имеет место синтез задач с различной физикой явлений. Единство математики, физики, прикладной философии позволяет качественнее анализировать нелинейные эффекты, а применение аналитико-конструкторского алгоритма повышает эффективность поиска новых синтезированных решений. На основе классических нелинейных уравнений Кирхгофа-Клебша рассмотрены пространственные нелинейные колебания для тонкого винтового бруса, различные виды упругой потери устойчивости, нелинейная статика. Разработан метод реализации новых физических явлений при проектировании пружинных механизмов, работающих с инерционным соударением витков. Книга предназначена для студентов по специальностям «Динамика и прочность машин», «Прикладная математика», а также для инженеров, увлекающихся новыми методами творчества. 
610 1 |a интеграционная механика 
610 1 |a нелинейные задачи 
610 1 |a нелинейные уравнения 
610 1 |a творчество 
610 1 |a прикладная математика 
675 |a 531.01  |v 3 
700 1 |a Полищук  |b Д. Ф.  |g Дмитрий Феофанович 
801 1 |a RU  |b 63413507  |c 20060207  |g PSBO 
801 2 |a RU  |b 63413507  |c 20080607  |g PSBO 
942 |c BK